Kontrolling rendszerek kialakítása és üzemeltetése a vállalati gyakorlatban

Bibliográfiai részletek
Szerző: Varga Kitti Ágnes
További közreműködők: Ilyés Dr. Csaba
Dokumentumtípus: Diplomadolgozat
Kulcsszavak:Kontrolling
KKV
Kontrolling rendszer
Online Access:http://dolgozattar.uni-bge.hu/15960

MARC

LEADER 00000nta a2200000 i 4500
001 dolg15960
005 20180511162257.0
008 180511suuuu hu om 000 hun d
040 |a BGE Dolgozattár Repozitórium  |b hun 
041 |a hu 
100 1 |a Varga Kitti Ágnes 
245 1 0 |a Kontrolling rendszerek kialakítása és üzemeltetése a vállalati gyakorlatban  |c Varga Kitti Ágnes  |h [elektronikus dokumentum] 
695 |a Kontrolling 
695 |a KKV 
695 |a Kontrolling rendszer 
700 1 |a Ilyés Dr. Csaba  |e ths 
856 4 0 |u http://dolgozattar.uni-bge.hu/15960/1/Szakdolgozat_Varga%20Kitti%20%C3%81gnes_P%C3%A9nz%C3%BCgy%20MSc%20levelez%C5%91.pdf  |z Dokumentum-elérés